| 000 | 00650nas a2200241 i 4500 | ||
|---|---|---|---|
| 001 | 188619 | ||
| 003 | ES-MaACL | ||
| 005 | 20250812062603.0 | ||
| 007 | t| | ||
| 008 | 190111c18491912xxk | | 1 ||ng d | ||
| 080 | _a7 | ||
| 245 | 0 | 4 | _aThe art journal. |
| 260 |
_aLondon : _bGeorge Virtue, _c1849-1912. |
||
| 300 |
_a60 v. : _bil. ; _c32 cm. |
||
| 310 | _aMensual | ||
| 362 | 1 | _a[Jan. 1, 1849] - n. 884 (Feb. 1912) | |
| 530 | _aDisponible en formato digital en Internet Archive. | ||
| 650 | 1 | 7 |
_aArte _2embne _910068 |
| 852 |
_aES-MaACL _jZ-19 _dOlim: Hem-226 |
||
| 866 | 0 | _o1856-1910, 1912 | |
| 942 | _2udc | ||
| 999 |
_c188619 _d188619 |
||